Failed U.S. Presidential Candidates - Sudden Death - Statistics

General Stats
  • This quiz has been taken 78 times
    75 since last reset
  • The average score is 6 of 15
Answers on the Grid
Answers color-coded by a green-red scale on the quiz's grid according to % correct below.
Aaron Burr
Charles Pinckney
William Wirt
Kamala Harris
Al Gore
Michael Dukakis
Hillary Clinton
George McGovern
Wendell Wilkie
James Cox
John Bell
Henry Clay
William Crawford
Rufus King
Thomas Dewey
George Washington
Donald Trump
John Quincy Adams
John Tyler
James Buchanan
Theodore Roosevelt
Richard Nixon
Michael Jackson
Oprah Winfrey
Brian Tyree Henry
Doug Ducey
Sam Nunn
Roscoe Conkling
Roger Sherman
Thaddeus Stevens
 
Answer Stats
Answer % Correct
Al Gore
62%
Michael Dukakis
62%
Thomas Dewey
60%
Hillary Clinton
58%
Kamala Harris
53%
George McGovern
47%
Henry Clay
40%
Wendell Wilkie
40%
Aaron Burr
36%
Charles Pinckney
29%
James Cox
29%
Rufus King
27%
William Crawford
24%
John Bell
22%
William Wirt
18%
No matching quizzes found
Score Distribution
Percent of People with Each Score
Percentile by Number Answered
Your Score History
You have not taken this quiz since the last reset